000 00502 a2200181 4500
005 20260116141329.0
008 260116b |||||||| |||| 00| 0 eng d
020 _a9781138608283
_c£ 43.99
040 _aMAIN
082 _a307.3416
_bE71M
100 _aEvans, Graeme, ed.
245 _aMega-events: Placemaking, regeneration and city-regional development
260 _bRoutledge
_c2020
_aNew York
300 _axii, 171
650 _aSocial Science
650 _aRegional Planning
942 _cBK
999 _c395689
_d395689